Goodbye by Bo Burnham - Statistics

General Stats
  • This quiz has been taken 21 times
  • The average score is 202 of 281
Answer Stats
Hint Answer % Correct
i
100%
I
100%
a
92%
an
92%
go
92%
goodbye
92%
goodbye.
92%
Do
85%
do
85%
Does
85%
does.
85%
is
85%
it
85%
right?
85%
right.
85%
right
85%
that
85%
the
85%
this
85%
this?
85%
to
85%
you
85%
and
77%
can
77%
Did
77%
ending?
77%
ever
77%
If
77%
i'll
77%
I'll
77%
I'm
77%
i'm
77%
joke
77%
joke.
77%
long,
77%
me
77%
no
77%
No,
77%
on
77%
say
77%
see
77%
shit
77%
:P So
77%
so
77%
tell
77%
want
77%
well,
77%
well
77%
when
77%
When
77%
with
77%
again.
69%
again
69%
again,
69%
at
69%
back
69%
background?
69%
background.
69%
call
69%
come
69%
ends?
69%
for
69%
found
69%
full
69%
got
69%
guess
69%
hands
69%
hide
69%
house
69%
how
69%
in
69%
inside.
69%
inside
69%
look
69%
now
69%
of
69%
oh
69%
out
69%
really
69%
reason
69%
smoke
69%
surrounded
69%
thats
69%
time?
69%
time.
69%
time
69%
up
69%
wake
69%
went
69%
weve
69%
who's
69%
your
69%
all
62%
always
62%
Am
62%
Apathy's
62%
be
62%
bit
62%
boredom
62%
can't
62%
crime.
62%
diminish?
62%
everything
62%
fourteen
62%
god
62%
have
62%
joking
62%
know?
62%
laughing
62%
like
62%
little
62%
ones
62%
panic,
62%
returns
62%
side.
62%
started
62%
stayin
62%
swear
62%
totally
62%
tragedy
62%
wanna
62%
Wanna
62%
wanted
62%
was
62%
watch
62%
where
62%
years
62%
youre
62%
ago?
54%
anybody
54%
been
54%
buddy
54%
bye.
54%
crazy?
54%
even
54%
finish?
54%
going
54%
has
54%
hear
54%
hour?
54%
meet
54%
next
54%
only
54%
other
54%
pick
54%
playin
54%
street
54%
would
54%
about
46%
couch
46%
damn
46%
finished
46%
fun
46%
heres
46%
idea,
46%
irrelevant
46%
ive
46%
losing
46%
never
46%
outside
46%
power,
46%
promise
46%
sit
46%
slowly
46%
youve
46%
broken,
38%
fully
38%
hey,
38%
No matching quizzes found
Score Distribution
Percent of People with Each Score
Percentile by Number Answered
Your Score History
You have not taken this quiz